BusinessLine Table Talk (Record no. 47274)

MARC details
000 -LEADER
fixed length control field 00875nam a22002297a 4500
005 - DATE AND TIME OF LATEST TRANSACTION
control field 20260220111524.0
008 - FIXED-LENGTH DATA ELEMENTS--GENERAL INFORMATION
fixed length control field 260218b |||||||| |||| 00| 0 eng d
020 ## - INTERNATIONAL STANDARD BOOK NUMBER
International Standard Book Number 9789387791237
040 ## - CATALOGING SOURCE
Transcribing agency VITAP
082 ## - DEWEY DECIMAL CLASSIFICATION NUMBER
Edition number 23
Classification number 658.4 SRI
245 ## - TITLE STATEMENT
Title BusinessLine Table Talk
Remainder of title : Conservations with Leaders /
Statement of responsibility, etc. edited by R. Srinivasan... et al.
260 ## - PUBLICATION, DISTRIBUTION, ETC.
Place of publication, distribution, etc. Chennai
Name of publisher, distributor, etc. THG Publishing Pvt Ltd.
Date of publication, distribution, etc. 2025
300 ## - PHYSICAL DESCRIPTION
Extent 183p, ill.: 24cm
650 #0 - SUBJECT ADDED ENTRY--TOPICAL TERM
Topical term or geographic name entry element Business Leadership, Corporate Strategy, Entrepreneurship, Economic Policy & Reforms, Industry-Specific Insights, Globalisation & International Trade etc.
9 (RLIN) 17085
700 ## - ADDED ENTRY--PERSONAL NAME
Personal name Srinivasan, R.
Relator term Editor
9 (RLIN) 17164
700 ## - ADDED ENTRY--PERSONAL NAME
Personal name Rao, Parimala Ed.
9 (RLIN) 17088
700 ## - ADDED ENTRY--PERSONAL NAME
Personal name Kamath, Vinay Ed.
9 (RLIN) 17087
700 ## - ADDED ENTRY--PERSONAL NAME
Personal name Balaji, Indira Ed.
9 (RLIN) 17089
700 ## - ADDED ENTRY--PERSONAL NAME
Personal name Rajkumar, Mythili Ed.
9 (RLIN) 17090
700 ## - ADDED ENTRY--PERSONAL NAME
Personal name Revanna, Ananya Ed.
9 (RLIN) 17091
942 ## - ADDED ENTRY ELEMENTS (KOHA)
Source of classification or shelving scheme Dewey Decimal Classification
Koha item type Reference Book
Holdings
Withdrawn status Lost status Source of classification or shelving scheme Materials specified (bound volume or other part) Damaged status Not for loan Collection code Home library Current library Shelving location Date acquired Source of acquisition Cost, normal purchase price Inventory number Total Checkouts Full call number Barcode Date last seen Cost, replacement price Price effective from Koha item type Public note
    Dewey Decimal Classification Paper Back   Not For Loan Reference School of Business & General Section VIT-AP Reference 2026-01-12 The Hindu Group of Publications 499.00 9001173329   658.4 SRI 025494 2026-02-18 499.00 2026-01-12 Reference Book MGT

Visitor Number: